modern family quiz - Statistics

General Stats
  • This quiz has been taken 511 times
    508 since last reset
  • The average score is 6 of 14
Answer Stats
Question Answer % Correct
what do the Dunphy kids get accused of in the episode "Undeck the Halls"? Smoking
80%
What is the nickname of Jays friend that Mitchell believes to be gay? Shorty
70%
In the episode "Strangers on a treadmill" what does Cam ware that Both claire and mitchell try to get him to take off? Bike shorts
57%
In the episode "Express Christmas" what store does claire and haley got to to get presents? Target
57%
In the episode "Dance Dance Revolution" what clothing article does Manny ask Cam for? A teal _________ Pocket square
48%
in the episode "planes,trains, and cars" what animal is the stuffed animal that is lost? Bunny
47%
In the episode "Lifetime supply" what lifetime supply of does Phil run out of? Razor blades
43%
In the episode "Unplugged" what does Luke want as a prize for staying off of electronics? Chicken pot pie
42%
What magazine does phil subscribe to? trampoline magazine
27%
What activity is phil and jay doing when phil gets hit in the face with a remote control plane in the episode "Come fly with me" Threading the needle
25%
In the episode "Little Bo Bleep" what two things make Cameron laugh. 1- little kids cursing and ___________________ Old people rapping
19%
In the episode "Send out the Clowns" what is the name of Cams clown partner? Lewis
15%
In the episode "Benched" what is the name of Luke and Manny's basketball team? Little Dribblers
13%
In the beginning of episode "Fears" what is Alex Dunphy's fear? Global Warming
9%
No matching quizzes found
Score Distribution
Percent of People with Each Score
Percentile by Number Answered
Your Score History
You have not taken this quiz since the last reset